000 01530cam a22003734a 4500
001 5947
003 FISKH
005 20250210161040.0
008 041013s2004 nyua c 000 1 eng d
010 _a 2004558131
020 _a0525472193 (hardcover)
020 _a9780439874069
035 _a(OCoLC)ocm55795462
037 _bJunior Library Guild
_nhttp://www.juniorlibraryguild.com
040 _aJLGCP
_cJLGCP
_dIUI
_dTEF
_dDLC
_beng
050 _a PZ7.G2933 C
082 _a813.54
100 1 _aGeorge, Jean Craighead
_d(1919-2012)
245 1 0 _aCharlie's raven /
_cwritten and illustrated by Jean Craighead George.
250 _aThis edition first published in 2006
260 _aNew York :
_bScholastic,
_c2004.
300 _a190 pages :
_billustrations ;
_c20 cm.
505 _aR
520 _aWhen Charlie's friend Singing Bird, a Teton Sioux, tells him that ravens have curing powers, Charlie steals a baby bird from its nest hoping it will cure his grandfather, and Granddad, a retired naturalist, encourages Charlie to record his observations of the bird and study the effect it has on humans.
521 8 _a710
_bLexile
521 8 _aR
_bRaz-Plus
650 0 _aRavens
_vJuvenile fiction.
650 0 _aGrandparent and child
_vJuvenile fiction.
700 _aGeorge, Craighead Jean
_dillustrator
856 4 2 _3Publisher description
_uhttp://www.loc.gov/catdir/enhancements/fy0719/2004558131-d.html
906 _a7
_bcbc
_ccopycat
_d2
_encip
_f20
_gy-gencatlg
942 _2ddc
_cBK
_n0
999 _c5947
_d5947